<?xml version="1.0" encoding="UTF-8"?>
<collection xmlns="http://www.loc.gov/MARC21/slim">
    <record>
        <controlfield tag="001">90044</controlfield>
        <controlfield tag="005">20200717113343.0</controlfield>
        <datafield tag="037" ind1=" " ind2=" ">
            <subfield code="a">TAZ-TFG-2020-605</subfield>
        </datafield>
        <datafield tag="041" ind1=" " ind2=" ">
            <subfield code="a">spa</subfield>
        </datafield>
        <datafield tag="100" ind1="1" ind2=" ">
            <subfield code="a">Hernández Amondaray, Celia</subfield>
        </datafield>
        <datafield tag="242" ind1="0" ind2="0">
            <subfield code="a">Effectivity of a machine-based Pilates program adapted to chronic spinal cord injury patients. Series of cases</subfield>
        </datafield>
        <datafield tag="245" ind1="0" ind2="0">
            <subfield code="a">Efectividad de un programa de pilates con máquinas adaptado a lesionados medulares crónicos. Serie de casos</subfield>
        </datafield>
        <datafield tag="260" ind1=" " ind2=" ">
            <subfield code="a">Zaragoza</subfield>
            <subfield code="b">Universidad de Zaragoza</subfield>
            <subfield code="c">2020</subfield>
        </datafield>
        <datafield tag="506" ind1=" " ind2=" ">
            <subfield code="a">by-nc-sa</subfield>
            <subfield code="b">Creative Commons</subfield>
            <subfield code="c">3.0</subfield>
            <subfield code="u">http://creativecommons.org/licenses/by-nc-sa/3.0/</subfield>
        </datafield>
        <datafield tag="520" ind1=" " ind2=" ">
            <subfield code="a">Introducción: La lesión medular es definida como todo proceso patológico, de cualquier etiología, que afecta a la médula espinal y que puede originar alteraciones de la función neurológica por debajo del nivel lesionado. Se pueden producir alteraciones del movimiento, de la sensibilidad o de la función autónoma. La consecuencia más preocupante es la parálisis de la musculatura por debajo del nivel de lesión, que produce una pérdida de funcionalidad en mayor o menor medida.&lt;br />Objetivo: Analizar los efectos de un programa fisioterápico de ejercicios de Pilates con máquinas en la capacidad funcional de personas con lesión medular crónica incompleta.&lt;br />Material y métodos: Se realizó un estudio de intervención analítico, longitudinal y prospectivo de serie de casos (n=3) con medición pre y post-intervención de las siguientes variables: independencia, control de tronco, tono muscular y función motora. Se realizó un programa fisioterápico durante 8 semanas, basado en ejercicios de Pilates adaptado con máquinas durante 60 minutos, 2 veces por semana. &lt;br />Resultados: se obtuvo un aumento de la independencia funcional, control de tronco y función motora, no mostrando resultados concluyentes en la valoración del tono muscular.&lt;br />Conclusión: el programa de Pilates adaptado a lesionados medulares fue eficaz para aumentar la independencia funcional, control de tronco y función motora.&lt;br /></subfield>
        </datafield>
        <datafield tag="521" ind1=" " ind2=" ">
            <subfield code="a">Graduado en Fisioterapia</subfield>
        </datafield>
        <datafield tag="540" ind1=" " ind2=" ">
            <subfield code="a">Derechos regulados por licencia Creative Commons</subfield>
        </datafield>
        <datafield tag="653" ind1="1" ind2=" ">
            <subfield code="a">Lesión medular</subfield>
        </datafield>
        <datafield tag="653" ind1="1" ind2=" ">
            <subfield code="a">Pilates</subfield>
        </datafield>
        <datafield tag="653" ind1="1" ind2=" ">
            <subfield code="a">Ejercicio terapéutico</subfield>
        </datafield>
        <datafield tag="700" ind1=" " ind2=" ">
            <subfield code="a">Domínguez Oliván, María Pilar</subfield>
            <subfield code="e">dir.</subfield>
        </datafield>
        <datafield tag="710" ind1="2" ind2=" ">
            <subfield code="a">Universidad de Zaragoza</subfield>
            <subfield code="b">Fisiatría y Enfermería</subfield>
            <subfield code="c">Fisioterapia</subfield>
        </datafield>
        <datafield tag="856" ind1="0" ind2=" ">
            <subfield code="f">740194@unizar.es</subfield>
        </datafield>
        <datafield tag="856" ind1="4" ind2=" ">
            <subfield code="s">7538342</subfield>
            <subfield code="u">http://zaguan.unizar.es/record/90044/files/TAZ-TFG-2020-605.pdf</subfield>
            <subfield code="y">Memoria (spa)</subfield>
        </datafield>
        <datafield tag="909" ind1="C" ind2="O">
            <subfield code="o">oai:zaguan.unizar.es:90044</subfield>
            <subfield code="p">driver</subfield>
            <subfield code="p">trabajos-fin-grado</subfield>
        </datafield>
        <datafield tag="950" ind1=" " ind2=" ">
            <subfield code="a"></subfield>
        </datafield>
        <datafield tag="951" ind1=" " ind2=" ">
            <subfield code="a">deposita:2020-07-17</subfield>
        </datafield>
        <datafield tag="980" ind1=" " ind2=" ">
            <subfield code="a">TAZ</subfield>
            <subfield code="b">TFG</subfield>
            <subfield code="c">EUCS</subfield>
        </datafield>
        <datafield tag="999" ind1=" " ind2=" ">
            <subfield code="a">20200515153030.CREATION_DATE</subfield>
        </datafield>
    </record>

    
</collection>